000 00323nam a2200121Ia 4500
008 220204s9999 xx 000 0 und d
082 _a658.8
_bDAV
245 0 _aBehavioural and management science in marketing
260 _aNew York
_bJohn Wiley
_c1978
700 _aDavis, Harry L
700 _aSilk, Alvin J
942 _cBK
999 _c34713
_d34713